01381cam a22003614a 45000010005000000030006000050050017000110080041000280100017000690200015000860200018001010200027001190400023001460420008001690500015001770820011001921000022002032450112002252500045003372600035003823000048004174400023004655050007004885200107004955210019006025210018006216500033006399060045006729420015007179990015007329520136007479520136008834167FISKH20240624144709.0040923s2005 nyua j 000 0 eng  a 2004022466 a0060544589 a9780439866675 a0060544570 (lib. bdg.) aDLCcDLCdDLCbeng apcc aQL638.T49  a597.3 1 aThomson, Sarah L.10aAmazing sharks! /cwritten by Sarah L. Thomson ; photographs provided by the Wildlife Conservation Society. aFirst Scholastic printing, October 2006  aNew York :bScholastic,c2005. a32 pages : bcolor illustrations ; c23 cm  3aAn I can read book aN  aText and photographs describe sharks--their different types, behavior, and threats to their survival. 8 a570 bLexile 8 aN bRaz-Plus  0aSharksvJuvenile literature. a7bcbccorignewd1eecipf20gy-gencatlg 2ddccBKn0 c4167d4167 00102ddc40708NFICa001b001cTK Yellowd2024-06-24l0oTHO 597.3 QL638.T49 pFISTK01129r2024-06-24 14:47:06t1w2024-06-24yBK 00102ddc40708NFICa001b001cTK Yellowd2025-04-21l0oTHO 597.3 QL638.T49 pFISBK02684r2025-04-21 12:12:25t2w2025-04-21yBK